| 000 | 00775nam a2200217 i 4500 | ||
|---|---|---|---|
| 001 | 82612 | ||
| 003 | ES-MaACL | ||
| 005 | 20250731131419.0 | ||
| 007 | t| | ||
| 008 | 041111s1905 sp g |||| | spa d | ||
| 080 | _a821.134.2(72)-14"18" | ||
| 100 | 1 |
_aIcaza, Francisco A. de, _d1863-1925 _965035 |
|
| 245 | 1 | 3 |
_aLa canción del camino / _cpor Francisco A. de Icaza. |
| 260 |
_aMadrid : _b[s.n.], _c1905 ( _fEstab. Tip. "Sucesores de Rivadeneyra") |
||
| 300 |
_a108 p. ; _c17 cm. |
||
| 530 | _aDisponible en formato digital. | ||
| 852 |
_aES-MaACL _jF-9852 _cDEPO2 _g Dedicatoria autógrafa del autor _qEnciclopedia holandesa |
||
| 856 | 4 |
_uhttp://bdh-rd.bne.es/viewer.vm?id=0000112347&page=1 _y(Biblioteca Digital Hispánica) |
|
| 942 | _2udc | ||
| 999 |
_c82612 _d82612 |
||